header

Religious contributions to peacemaking (Record no. 59391)

MARC details
000 -LEADER
fixed length control field 01916nam a2200361 a 4500
082 04 - DEWEY DECIMAL CLASSIFICATION NUMBER
Classification number 201/.7273
245 00 - TITLE STATEMENT
Title Religious contributions to peacemaking
260 ## - PUBLICATION, DISTRIBUTION, ETC. (IMPRINT)
Place of publication New York :
Name of publisher Nova Science Publishers,
Year of publication c2010.
300 ## - PHYSICAL DESCRIPTION
Number of Pages xx, 63 p.
490 1# - SERIES STATEMENT
Series statement Religion and spirituality
650 #0 - SUBJECT ADDED ENTRY--TOPICAL TERM
Topical Term Peace
Topical Term Reconciliation
Topical Term Conflict management
Topical Term Mediation
700 1# - ADDED ENTRY--PERSONAL NAME
Personal name Smock, David R.
856 40 - ELECTRONIC LOCATION AND ACCESS
Uniform Resource Identifier http://site.ebrary.com/lib/rucke/Doc?id=10677968

No items available.

© 2026 Rongo University
Contact us: librarian | system librarian | Rongo university